| 000 | 00584nam a2200205 a 4500 | ||
|---|---|---|---|
| 001 | BRCA_5729 | ||
| 005 | 20190320205208.0 | ||
| 008 | 040311s1934----gw-ao#####---#000-0#ger-# | ||
| 041 | _ager | ||
| 044 | _agw | ||
| 050 | 4 |
_aTR650 _b.B35 1934 |
|
| 100 | 1 |
_aBallerstedt, Otto _914539 |
|
| 245 | 1 | 0 |
_aDie Gebigsphotographie _bEin Feld der Freude für jeden Photographierenden _cOtto Ballerstedt. |
| 260 |
_aMunich _bHoffman und Reiber _c1934 |
||
| 300 |
_a48 p. _bil., 18 láminas _c21 cm. |
||
| 500 | _aH48 | ||
| 650 | 1 | 4 |
_aFotografía _zAlemania _914540 |
| 902 | _aGFM | ||
| 942 |
_2lcc _cB |
||
| 999 |
_c5419 _d5419 |
||